Statistics for Random Knowledge Quiz #17

Click here to take the quiz!

General Stats

  • This quiz has been taken 71 times
  • The average score is 8 of 15

Answer Stats

QuestionAnswer% Correct
New York
90%
Miami
81%
What was the last letter to be added to the alphabet?J
76%
What is the largest internal organ in the human body?Liver
71%
Which country has the richest royal family in the world?Saudi Arabia
66%
Name one of the five countries that doesn't have an airport.Vatican City, San Marino, Monaco, Liechtenstein, and Andorra
63%
As of July 2023, how many countries use the euro as their official currency?20
61%
Who was the first human in space?Yuri Gagarin
54%
Name the cities where the CSI franchise series are based.
Las Vegas
53%
What plant is the base of all tequila?Agave tequilana
47%
Approximately how many minutes did the shortest war ever, The Anglo-Zanzibar War, last?38
42%
Washington DC
34%
What did the Hollywood sign originally read?Hollywoodland
32%
Finish these lyrics: I need a hero / I'm holding out for a hero 'til the morning light / He's gotta be sure, and it's gotta be soon / And he's gotta be...Larger than life
32%
In which movie was the aforementioned song famously performed by Jennifer Saunders?Shrek 2
27%

Score Distribution

Percentile by Number Answered

Percent of People with Each Score

Your Score History

You have not taken this quiz